000 00591nam a2200217Ia 4500
005 20250322085310.0
008 131103s9999 xx 000 0 und d
020 _a071008282 7
040 _aLoreto College
041 _aEnglish
082 _a370.1
_bLLO
245 _aPhilosophy and the teacher
_cedited by D.T.Lloyd
260 _aLondon
_bRoutledge & Kegan Paul
_c1976
300 _aix,137 p.
504 _aIncludes bibliographical references
650 _aEducation
651 _aPhilosophy and theory of education
700 _aLloyd,D.T.,ed.
850 _aLCLIB
942 _cBK
999 _c3159
_d53638